000 00509nam a2200193Ia 4500
005 20250923144518.0
008 008 250917s9999 xx 000 0 eng d
037 _aTextual
040 _aDSWL
_beng
_cDSWL
041 _aeng
_2eng
084 _qDSWL
100 _aScott, J.F
_9825626
245 0 _aThree studies in management
_cby J.F. Scott
260 _aLondon
_bRoutledge & Kegan Paul
_c1952
300 _ax,220p.
700 _aR.P. Lynton
_9825627
942 _cTEXL
999 _c1439843
_d1439843